Estudio y comprensión de la sociedad: octavo básico, texto para el profesor

Uloženo v:
Podrobná bibliografie
Hlavní autoři: Araya Pinto, Claudia (Autor), Bersezio Fernández, Alberto P (Autor)
Médium: Kniha
Jazyk:španělština
Vydáno: Santiago Zig-Zag 2002
Vydání:1a. ed
Témata:
Tagy: Přidat tag
Žádné tagy, Buďte první, kdo vytvoří štítek k tomuto záznamu!

MARC

LEADER 00000nam a2200000 a 4500
001 UCL9821
003 CL-VaPUC
008 040827e20020000CL |||||||||||||||||spa|d
020 |a 9561214415 
082 0 4 |a 372.83  |b ARA  |2 21 
100 0 |a Araya Pinto, Claudia  |e author  |9 487719 
700 0 |a Bersezio Fernández, Alberto P  |e author  |9 487720 
245 1 0 |a Estudio y comprensión de la sociedad: octavo básico, texto para el profesor 
250 |a 1a. ed 
300 |a 191 p 
942 |c BK 
945 |d 20040827 00:00:00  |a cmena 
260 |a Santiago  |b Zig-Zag  |c 2002 
650 0 |a Educación básica   |9 224933 
650 0 |a Educación cívica  |9 314665 
650 0 |a Métodos de enseñanza  |9 270413 
650 0 |a Libros de texto  |9 270019 
650 0 |a Enseñanza de la geografía  |9 310005 
650 0 |a Desarrollo social  |9 264534 
650 0 |a Enseñanza de la historia   |9 307330 
583 |a last modification  |c 20160617 12:04:38  |k Rodrigo Vera 
999 |c 310464  |d 310462 
952 |0 0  |1 0  |4 0  |6 372_830000000000000_ARA_2002  |7 0  |8 A  |9 378913  |a BIBHIS  |b BIBHIS  |d 2019-11-21  |i 4052943  |o 372.83 ARA 2002  |p 4052943  |r 2025-01-20  |w 2019-11-21  |y BK  |k HIS 
952 |0 0  |1 0  |4 0  |6 372_830000000000000_ARA_2002  |7 0  |8 A  |9 378914  |a BIBHIS  |b BIBHIS  |d 2019-11-21  |i 4052951  |o 372.83 ARA 2002  |p 4052951  |r 2025-01-20  |w 2019-11-21  |y BK  |k HIS 
952 |0 0  |1 0  |4 0  |6 372_830000000000000_ARA_2002  |7 0  |8 A  |9 378915  |a BIBHIS  |b BIBHIS  |d 2019-11-21  |i 405296K  |o 372.83 ARA 2002  |p 405296K  |r 2025-01-20  |w 2019-11-21  |y BK  |k HIS 
952 |0 0  |1 0  |4 0  |6 372_830000000000000_ARA_2002  |7 0  |8 A  |9 378916  |a BIBHIS  |b BIBHIS  |d 2019-11-21  |i 4052978  |o 372.83 ARA 2002  |p 4052978  |r 2025-01-20  |w 2019-11-21  |y BK  |k HIS 
952 |0 0  |1 0  |4 0  |6 372_830000000000000_ARA_2002  |7 0  |8 A  |9 378917  |a BIBHIS  |b BIBHIS  |d 2019-11-21  |i 4052986  |o 372.83 ARA 2002  |p 4052986  |r 2025-01-20  |w 2019-11-21  |y BK  |k HIS 
952 |0 0  |1 0  |4 0  |6 372_830000000000000_ARA_2002  |7 0  |8 P  |9 378918  |a BIBEDU  |b BIBEDU  |c BIBEDU_PB  |d 2019-11-21  |i 4167864  |o 372.83 ARA 2002  |p 4167864  |r 2024-01-25  |w 2019-11-21  |y BK  |k EBA 
952 |0 0  |1 0  |4 0  |6 372_830000000000000_ARA_2002  |7 0  |8 A  |9 378919  |a BIBHIS  |b BIBHIS  |d 2019-11-21  |i 4170512  |o 372.83 ARA 2002  |p 4170512  |r 2025-01-20  |w 2019-11-21  |y BK  |k HIS 
952 |0 0  |1 0  |4 0  |6 372_830000000000000_ARA_2002  |7 0  |8 A  |9 378920  |a BIBHIS  |b BIBHIS  |d 2019-11-21  |i 4170520  |o 372.83 ARA 2002  |p 4170520  |r 2025-01-20  |w 2019-11-21  |y BK  |k HIS 
952 |0 0  |1 0  |4 0  |6 372_830000000000000_ARA_2002  |7 0  |8 A  |9 378921  |a BIBHIS  |b BIBHIS  |d 2019-11-21  |i 4170539  |o 372.83 ARA 2002  |p 4170539  |r 2025-01-20  |w 2019-11-21  |y BK  |k HIS 
952 |0 0  |1 0  |4 0  |6 372_830000000000000_ARA_2002  |7 0  |8 A  |9 378922  |a BIBHIS  |b BIBHIS  |d 2019-11-21  |i 4170547  |o 372.83 ARA 2002  |p 4170547  |r 2025-01-20  |w 2019-11-21  |y BK  |k HIS